00347nam a2200133Ia 450000500170000000800410001702000180005808200200007610000270009624500360012326000270015930000120018665000150019820250402090418.0231217s9999 xx 000 0 und d a9788131404850 a658.4 JAI;1 R aJain, Ravi Kumar B ed. 0aIT governance : an introduction c2006bIcfaiaHyderabad axi, 298 agovernance